[Event "CHN-chT"]
[Site "Qingdao"]
[Date "2024.04.10"]
[Round "9.2"]
[White "Cheng, Gongpu"]
[Black "Fan, Jingyi"]
[Result "1/2-1/2"]
[WhiteElo "1708"]
[BlackElo "2040"]
[PlyCount "88"]
[EventDate "2024.04.02"]
[EventType "team-swiss"]
[EventRounds "9"]
[EventCountry "CHN"]
[SourceTitle "CB16_2024"]
[SourceDate "2024.04.17"]
[SourceVersion "1"]
[SourceVersionDate "2024.04.17"]
[SourceQuality "1"]
[WhiteTeam "Henan"]
[BlackTeam "Hebei"]
[WhiteTeamCountry "CHN"]
[BlackTeamCountry "CHN"]

1. Nf3 d5 2. c4 d4 3. e3 Nc6 4. d3 e5 5. exd4 exd4 6. a3 a5 7. g3 Bf5 8. Nh4 Be6 9. Bg2 Be7 10. Nf3 Nf6 11. 0-0 0-0 12. Re1 h6 13. Nfd2 Qd7 14. Ne4 Bg4 15. f3 Bh5 16. Nbd2 Nxe4 17. Nxe4 Rfe8 18. g4 Bg6 19. Bf4 f5 20. Ng3 Bh4 21. gxf5 Bxf5 22. Qd2 Bh7 23. Rxe8+ Rxe8 24. Ne4 Rf8 25. Rf1 Qe7 26. Bg3 Bxe4 27. fxe4 Rxf1+ 28. Kxf1 Bxg3 29. hxg3 Qf6+ 30. Ke2 Ne5 31. Qxa5 Qg5 32. Qd5+ Kh7 33. Qxd4 Qxg3 34. Bf1 Qf3+ 35. Ke1 Qf4 36. Be2 h5 37. Qg1 g5 38. d4 Qc1+ 39. Kf2 Qf4+ 40. Ke1 Ng4 41. Bxg4 hxg4 42. Qg2 g3 43. Ke2 Kg6 44. Qf3 Qc1 1/2-1/2

[Event "CHN-ch U16"]
[Site "Shanghai"]
[Date "2024.02.20"]
[Round "9"]
[White "Tian, Siyuan"]
[Black "Fan, Jingyi"]
[Result "1/2-1/2"]
[WhiteElo "1455"]
[BlackElo "2109"]
[PlyCount "40"]
[EventDate "2024.02.16"]
[EventType "swiss"]
[EventRounds "11"]
[EventCountry "CHN"]
[SourceTitle "CB09_2024"]
[SourceDate "2024.02.28"]
[SourceVersion "1"]
[SourceVersionDate "2024.02.28"]
[SourceQuality "1"]

1. d4 d5 2. c4 c6 3. cxd5 cxd5 4. Bf4 Nf6 5. Nc3 Nc6 6. e3 Bg4 7. Qb3 Na5 8. Qa4+ Bd7 9. Qc2 Rc8 10. Bd3 e6 11. Nge2 Be7 12. 0-0 0-0 13. Rfc1 h6 14. Qd1 a6 15. Rc2 b5 16. Rac1 Qb6 17. Nb1 Bd6 18. Rxc8 Rxc8 19. Rxc8+ Bxc8 20. Qc2 Bd7 1/2-1/2

[Event "CHN-ch U16"]
[Site "Shanghai"]
[Date "2024.02.19"]
[Round "7"]
[White "Fan, Jingyi"]
[Black "Xie, Yufu"]
[Result "1-0"]
[WhiteElo "2109"]
[BlackElo "1621"]
[PlyCount "73"]
[EventDate "2024.02.16"]
[EventType "swiss"]
[EventRounds "11"]
[EventCountry "CHN"]
[SourceTitle "CB09_2024"]
[SourceDate "2024.02.28"]
[SourceVersion "1"]
[SourceVersionDate "2024.02.28"]
[SourceQuality "1"]

1. d4 Nf6 2. Nf3 d6 3. c4 g6 4. Nc3 Bg7 5. e4 0-0 6. Be2 Nbd7 7. 0-0 e5 8. d5 h6 9. Ne1 Re8 10. Be3 a5 11. a3 b6 12. b4 Bb7 13. Nd3 axb4 14. axb4 Ba6 15. Qb3 Qe7 16. Ra2 Bb7 17. Rfa1 Rab8 18. Ra7 Bf8 19. Qa3 Rec8 20. f3 Qd8 21. Qc1 Kh7 22. b5 Bg7 23. g4 Ng8 24. Qf1 Nf8 25. Nb4 Ne7 26. R1a2 g5 27. Nc6 Bxc6 28. bxc6 Ra8 29. Nb5 Rxa7 30. Rxa7 Ra8 31. Qa1 Rxa7 32. Qxa7 Nxc6 33. dxc6 Ne6 34. Nxc7 Nd4 35. Bxd4 exd4 36. Nd5 Qe8 37. Bd3 1-0

[Event "CHN-ch U16"]
[Site "Shanghai"]
[Date "2024.02.18"]
[Round "6"]
[White "Wang, Zixuan2"]
[Black "Fan, Jingyi"]
[Result "0-1"]
[WhiteElo "1479"]
[BlackElo "2109"]
[PlyCount "106"]
[EventDate "2024.02.16"]
[EventType "swiss"]
[EventRounds "11"]
[EventCountry "CHN"]
[SourceTitle "CB09_2024"]
[SourceDate "2024.02.28"]
[SourceVersion "1"]
[SourceVersionDate "2024.02.28"]
[SourceQuality "1"]

1. d4 Nf6 2. c4 c6 3. Nc3 d5 4. Nf3 dxc4 5. a4 Bf5 6. Ne5 Nbd7 7. Nxc4 Nb6 8. Ne5 a5 9. f3 Nfd7 10. Nxd7 Nxd7 11. e4 Bg6 12. Be2 Qb6 13. Rb1 e5 14. Be3 0-0-0 15. Qd2 exd4 16. Bxd4 Bc5 17. Bxc5 Nxc5 18. Qc2 Ne6 19. Bc4 Nc5 20. Rd1 Qb4 21. Ba2 Rxd1+ 22. Kxd1 Rd8+ 23. Kc1 f5 24. Rd1 Rxd1+ 25. Qxd1 fxe4 26. fxe4 Nxe4 27. Be6+ Kb8 28. Qe2 Nxc3 29. Qe5+ Ka8 30. Qxc3 Qxc3+ 31. bxc3 Be4 32. g3 Bd5 33. Bf5 h6 34. Kb2 Bc4 35. Bc2 Kb8 36. Kc1 Kc7 37. Kd2 Kd6 38. Ke3 Kc5 39. Ke4 b5 40. Ke3 b4 41. Kd2 Kd6 42. Bd1 c5 43. Kc2 Ke5 44. Bf3 Bd5 45. Bh5 Ke4 46. Kd2 Bc6 47. Bd1 c4 48. cxb4 axb4 49. a5 Bb5 50. Bh5 Kd4 51. Bg6 b3 52. Kc1 c3 53. h4 Bd3 0-1

[Event "CHN-ch U16"]
[Site "Shanghai"]
[Date "2024.02.17"]
[Round "4"]
[White "Gong, Sunle"]
[Black "Fan, Jingyi"]
[Result "1-0"]
[WhiteElo "2108"]
[BlackElo "2109"]
[PlyCount "68"]
[EventDate "2024.02.16"]
[EventType "swiss"]
[EventRounds "11"]
[EventCountry "CHN"]
[SourceTitle "CB09_2024"]
[SourceDate "2024.02.28"]
[SourceVersion "1"]
[SourceVersionDate "2024.02.28"]
[SourceQuality "1"]

1. d4 Nf6 2. c4 c6 3. Nc3 d5 4. Nf3 dxc4 5. a4 Bf5 6. Ne5 Nbd7 7. Nxc4 Nb6 8. Ne5 a5 9. f3 Nfd7 10. Nxd7 Nxd7 11. e4 Bg6 12. Be3 e5 13. dxe5 Nxe5 14. Be2 Nd7 15. f4 f6 16. Bg4 Nc5 17. Qc2 Qd3 18. Qxd3 Nxd3+ 19. Ke2 Nc5 20. Bxc5 Bxc5 21. Rhd1 0-0 22. Be6+ Bf7 23. Bxf7+ Rxf7 24. Kf3 Re7 25. h4 Rae8 26. h5 b6 27. Rac1 h6 28. g3 Kf8 29. Rd3 Bb4 30. Na2 Rxe4 31. Rxc6 Bc5 32. Nc3 Re3+ 33. Kg4 Bd4 34. Nb5 Bxb2 1-0

[Event "Tianjin Binhai Cup-A 3rd"]
[Site "Tianjin"]
[Date "2023.08.23"]
[Round "6"]
[White "Wang, Shixu B"]
[Black "Fan, Jingyi"]
[Result "0-1"]
[WhiteElo "2415"]
[BlackElo "1806"]
[PlyCount "80"]
[EventDate "2023.08.20"]
[EventType "swiss"]
[EventRounds "9"]
[EventCountry "CHN"]
[SourceTitle "CBM 215 Extra"]
[Source "ChessBase"]
[SourceDate "2023.09.30"]
[SourceVersion "1"]
[SourceVersionDate "2023.09.30"]
[SourceQuality "1"]

1. c4 c6 2. Nf3 d5 3. e3 Nf6 4. Nc3 Bf5 5. cxd5 cxd5 6. Qb3 Bc8 7. Bb5+ Nc6 8. e4 e6 9. d3 Bd7 10. e5 Na5 11. Qa4 a6 12. Bxd7+ Nxd7 13. Bg5 Qc7 14. 0-0 Nc6 15. Rac1 h6 16. Bh4 Qa5 17. Qg4 Ndxe5 18. Nxe5 Nxe5 19. Qh5 Nxd3 20. Rfe1 Nf4 21. Qg4 g5 22. Bg3 Ng6 23. Qf5 Ne7 24. Qe5 Ng6 25. Qd4 Rd8 26. a3 Qc5 27. Qf6 Qe7 28. Qd4 Qc5 29. Qd3 Bg7 30. Rxe6+ fxe6 31. Qxg6+ Kf8 32. Qxe6 d4 33. Ne2 Qd5 34. Qg6 d3 35. Rc7 Rg8 36. Nf4 d2 37. h3 d1Q+ 38. Kh2 gxf4 39. Bh4 Qd7 40. Bxd8 Q1d6 0-1

[Event "CHN-ch U14"]
[Site "Shenzhen"]
[Date "2023.07.30"]
[Round "5"]
[White "Yang, Siyuan"]
[Black "Fan, Jingyi"]
[Result "1/2-1/2"]
[WhiteElo "1667"]
[BlackElo "1806"]
[PlyCount "79"]
[EventDate "2023.07.28"]
[EventType "swiss"]
[EventRounds "11"]
[EventCountry "CHN"]
[SourceTitle "CBM 215 Extra"]
[Source "ChessBase"]
[SourceDate "2023.09.30"]
[SourceVersion "1"]
[SourceVersionDate "2023.09.30"]
[SourceQuality "1"]

1. Nf3 d5 2. g3 Nf6 3. Bg2 Bf5 4. 0-0 e6 5. d3 h6 6. c4 c6 7. Nc3 Be7 8. Qb3 Qb6 9. Be3 Qxb3 10. axb3 a6 11. Ne5 0-0 12. Rfc1 Nbd7 13. Nxd7 Nxd7 14. cxd5 exd5 15. Na4 Bf6 16. d4 g5 17. b4 Rae8 18. Nc5 Nxc5 19. bxc5 Bg7 20. Bf1 Re4 21. Ra4 Rfe8 22. Bg2 R4e7 23. Bf1 Bg4 24. h3 Bh5 25. g4 Bg6 26. Bd2 f5 27. f3 f4 28. h4 Bf6 29. h5 Bh7 30. Kf2 Kg7 31. Ba5 Kf7 32. Rc3 Kg7 33. Ke1 Bg8 34. Kd2 Be6 35. Rb3 Bc8 36. Bb6 Re3 37. Rxe3 Rxe3 38. Bc7 Kf7 39. Kc2 Bg7 40. Ba5 1/2-1/2